[Event "Mayabeque Province-ch final"]
[Site "Mayabeque"]
[Date "2018.10.27"]
[Round "9.1"]
[White "Gonzalez Ramos, Eduardo"]
[Black "Palao Valdes, Alejandro"]
[Result "1-0"]
[WhiteElo "2152"]
[BlackElo "2024"]
[PlyCount "69"]
[EventDate "2018.10.23"]
[EventType "team-tourn"]
[EventRounds "9"]
[EventCountry "CUB"]
[SourceTitle "EXT 2021"]
[Source "ChessBase"]
[SourceDate "2020.10.23"]
[SourceVersion "1"]
[SourceVersionDate "2020.10.23"]
[SourceQuality "1"]
[WhiteTeam "Guines"]
[BlackTeam "Melena"]
[WhiteTeamCountry "CUB"]
[BlackTeamCountry "CUB"]

1. e4 e6 2. d4 d5 3. Nc3 Bb4 4. exd5 exd5 5. Qf3 Nc6 6. Bb5 Nge7 7. Nge2 0-0 8. Bg5 f6 9. Be3 Bf5 10. 0-0-0 Na5 11. g4 Bg6 12. a3 Bxc3 13. Nxc3 c6 14. Be2 b5 15. h4 Nc4 16. h5 Be8 17. Bxc4 dxc4 18. h6 Nd5 19. hxg7 Rf7 20. Nxd5 Qxd5 21. Qf4 Rxg7 22. Qxf6 Bg6 23. Qe5 Qf3 24. d5 Re8 25. Qd6 Qe4 26. Kb1 Qxc2+ 27. Ka1 c3 28. Rb1 cxd5 29. Bd4 cxb2+ 30. Bxb2 Rf7 31. Rbc1 Qe4 32. f4 Qxf4 33. Qxg6+ Kf8 34. Rxh7 Rxh7 35. Qxh7 1-0

[Event "Mayabeque Province-ch final"]
[Site "Mayabeque"]
[Date "2018.10.26"]
[Round "7.1"]
[White "Fundora Zamora, Yoisel"]
[Black "Palao Valdes, Alejandro"]
[Result "1-0"]
[WhiteElo "2121"]
[BlackElo "2024"]
[PlyCount "115"]
[EventDate "2018.10.23"]
[EventType "team-tourn"]
[EventRounds "9"]
[EventCountry "CUB"]
[SourceTitle "EXT 2021"]
[Source "ChessBase"]
[SourceDate "2020.10.23"]
[SourceVersion "1"]
[SourceVersionDate "2020.10.23"]
[SourceQuality "1"]
[WhiteTeam "Nueva Paz"]
[BlackTeam "Melena"]
[WhiteTeamCountry "CUB"]
[BlackTeamCountry "CUB"]

1. Nf3 Nf6 2. g3 b6 3. Bg2 Bb7 4. 0-0 e6 5. d3 d5 6. Nbd2 Bd6 7. e4 dxe4 8. Ng5 0-0 9. Ngxe4 Nxe4 10. Nxe4 Be7 11. Nf6+ Bxf6 12. Bxb7 Nd7 13. Bxa8 Qxa8 14. Qe2 Qd5 15. Qe4 Qh5 16. d4 Be7 17. Kg2 Nf6 18. Qf3 Qb5 19. b3 Rd8 20. c4 Qb4 21. Rd1 Qa5 22. a3 h6 23. Bd2 Qa6 24. Bb4 c5 25. Bc3 cxd4 26. Rxd4 Qc8 27. Rxd8+ Qxd8 28. Rd1 Qc7 29. Bxf6 Bxf6 30. Qa8+ Kh7 31. Qe4+ g6 32. b4 Kg7 33. Rd2 a5 34. Rb2 axb4 35. axb4 Be7 36. c5 bxc5 37. b5 Kf8 38. Qc6 Qxc6+ 39. bxc6 Ke8 40. Rd2 Bd8 41. Rd7 h5 42. Ra7 Bb6 43. Rb7 Ba5 44. Kf1 c4 45. Rb5 Bc7 46. Rc5 f6 47. Rxc4 g5 48. Rd4 Be5 49. Rd7 g4 50. Rh7 Kd8 51. Ke2 f5 52. Rd7+ Ke8 53. f4 Bc3 54. Rh7 Kd8 55. c7+ Kc8 56. Re7 Bd4 57. Rxe6 h4 58. Rh6 1-0

[Event "Mayabeque Province-ch final"]
[Site "Mayabeque"]
[Date "2018.10.25"]
[Round "4.1"]
[White "Palao Valdes, Alejandro"]
[Black "Fundora Zamora, Yoisel"]
[Result "0-1"]
[WhiteElo "2024"]
[BlackElo "2121"]
[PlyCount "72"]
[EventDate "2018.10.23"]
[EventType "team-tourn"]
[EventRounds "9"]
[EventCountry "CUB"]
[SourceTitle "EXT 2021"]
[Source "ChessBase"]
[SourceDate "2020.10.23"]
[SourceVersion "1"]
[SourceVersionDate "2020.10.23"]
[SourceQuality "1"]
[WhiteTeam "Melena"]
[BlackTeam "Nueva Paz"]
[WhiteTeamCountry "CUB"]
[BlackTeamCountry "CUB"]

1. d4 Nf6 2. c4 c5 3. d5 e6 4. Nc3 exd5 5. cxd5 d6 6. e4 g6 7. h3 Bg7 8. Nf3 0-0 9. Bd3 a6 10. a4 Re8 11. 0-0 Nh5 12. Bg5 Bf6 13. Be3 Nd7 14. Nd2 Bd4 15. Nc4 Ne5 16. Bxd4 cxd4 17. Ne2 Nxc4 18. Bxc4 Rxe4 19. Qd3 Bf5 20. Qf3 Re5 21. Nxd4 Be4 22. Qg4 Bxg2 23. Rfe1 Rg5 24. Re8+ Qxe8 25. Qxg5 Bxh3 26. Nf3 Qe4 27. Nd2 Qf5 28. Qxf5 Bxf5 29. Bf1 Nf4 30. Nc4 Be4 31. a5 Rd8 32. Rd1 Bxd5 33. Rxd5 Nxd5 34. Bg2 Nb4 35. Bxb7 d5 36. Ne5 Rb8 0-1

[Event "Mayabeque Province-ch final"]
[Site "Mayabeque"]
[Date "2018.10.23"]
[Round "1.1"]
[White "Fundora Zamora, Yoisel"]
[Black "Palao Valdes, Alejandro"]
[Result "0-1"]
[WhiteElo "2121"]
[BlackElo "2024"]
[PlyCount "96"]
[EventDate "2018.10.23"]
[EventType "team-tourn"]
[EventRounds "9"]
[EventCountry "CUB"]
[SourceTitle "EXT 2021"]
[Source "ChessBase"]
[SourceDate "2020.10.23"]
[SourceVersion "1"]
[SourceVersionDate "2020.10.23"]
[SourceQuality "1"]
[WhiteTeam "Nueva Paz"]
[BlackTeam "Melena"]
[WhiteTeamCountry "CUB"]
[BlackTeamCountry "CUB"]

1. e4 e6 2. d3 d5 3. Nd2 dxe4 4. dxe4 e5 5. Ngf3 Bc5 6. g3 Nf6 7. Bg2 0-0 8. 0-0 Qe7 9. c3 Bg4 10. Qc2 a5 11. Nc4 Nbd7 12. Ne3 Bxe3 13. Bxe3 Nc5 14. Nh4 Rfd8 15. h3 Be6 16. b3 b6 17. Rfd1 h6 18. c4 Na6 19. Qc3 Nd7 20. a3 f6 21. Rdb1 Qf7 22. Nf5 Kh7 23. Rc1 Ndc5 24. Rd1 a4 25. bxa4 Nxa4 26. Qc2 N6c5 27. Bf1 Rxd1 28. Rxd1 Nb7 29. Bc1 Nac5 30. Ne3 Qg6 31. Nf5 Na5 32. h4 Qf7 33. Ne3 Nc6 34. Bb2 Na5 35. Nd5 Nab3 36. f4 Qg6 37. Nxc7 Qxg3+ 38. Qg2 Qxg2+ 39. Bxg2 Ra4 40. Nxe6 Nxe6 41. fxe5 fxe5 42. Rd6 Nbd4 43. Bf1 Nc5 44. Rxb6 Nxe4 45. Bd3 Nf3+ 46. Kg2 Ne1+ 47. Kf1 Nxd3 48. Bxe5 Nxe5 0-1

[Event "Victoria de Giron Cup tt"]
[Site "Matanzas"]
[Date "2018.10.04"]
[Round "5.1"]
[White "Catala Matienzo, Ivette"]
[Black "Palao Valdes, Alejandro"]
[Result "0-1"]
[WhiteElo "2079"]
[BlackElo "2024"]
[PlyCount "54"]
[EventDate "2018.10.02"]
[EventType "team-tourn"]
[EventRounds "9"]
[EventCountry "CUB"]
[SourceTitle "EXT 2021"]
[Source "ChessBase"]
[SourceDate "2020.10.23"]
[SourceVersion "1"]
[SourceVersionDate "2020.10.23"]
[SourceQuality "1"]

1. d4 e6 2. Nf3 d5 3. e3 Bd6 4. c4 b6 5. Bd3 Nf6 6. 0-0 0-0 7. Nbd2 Bb7 8. Qc2 Nbd7 9. b3 Qe7 10. Bb2 dxc4 11. bxc4 e5 12. d5 Nc5 13. e4 Nh5 14. Nb3 Nxd3 15. Qxd3 Nf4 16. Qe3 Rae8 17. c5 bxc5 18. Rac1 f5 19. Nxc5 fxe4 20. Nxb7 exf3 21. Qxf3 Rb8 22. Nxd6 Rxb2 23. Qa3 Qg5 24. g3 Nh3+ 25. Kh1 Nxf2+ 26. Kg1 Nh3+ 27. Kh1 Qd2 0-1

[Event "Havana Province zt"]
[Site "Havana"]
[Date "2010.02.23"]
[Round "4"]
[White "Palao Valdes, Alejandro"]
[Black "Rey Rodriguez, Yoanky"]
[Result "1/2-1/2"]
[WhiteElo "2004"]
[BlackElo "2039"]
[PlyCount "118"]
[EventDate "2010.02.20"]
[EventType "swiss"]
[EventRounds "9"]
[EventCountry "CUB"]
[SourceTitle "EXT 2011"]
[Source "ChessBase"]
[SourceDate "2010.11.26"]
[SourceVersion "1"]
[SourceVersionDate "2010.11.26"]
[SourceQuality "1"]

1. d4 d5 2. c4 e6 3. Nc3 Nf6 4. cxd5 exd5 5. Bg5 c6 6. e3 Be7 7. Bd3 Nbd7 8. Qc2 h6 9. Bxf6 Nxf6 10. Nge2 0-0 11. 0-0 Bd6 12. h3 Re8 13. Rab1 Qe7 14. a3 Ne4 15. Nxe4 dxe4 16. Bc4 Qg5 17. f4 exf3 18. Rxf3 Be6 19. Bxe6 Rxe6 20. e4 Rg6 21. Nc3 Bf4 22. Re1 Rd8 23. Rd3 Bc7 24. e5 Bb6 25. Re4 h5 26. Na4 Qf5 27. Qe2 Re8 28. Nxb6 axb6 29. Rf3 Qd7 30. Rb3 c5 31. dxc5 bxc5 32. Qxh5 Qd2 33. Qe2 Qc1+ 34. Kh2 b6 35. Rd3 Qg5 36. Rde3 Qf5 37. Qf3 Qe6 38. Rd3 Qe7 39. Qd1 Qg5 40. Qe2 Qf5 41. Qf3 Qg5 42. Rd6 Rge6 43. Rxe6 Rxe6 44. g3 Rxe5 45. Rf4 Qe7 46. Qa8+ Qe8 47. Qxe8+ Rxe8 48. Kg2 f6 49. Kf3 Kf7 50. Ra4 Re7 51. Ra6 Re6 52. a4 f5 53. a5 bxa5 54. Rxa5 Rc6 55. Kf4 Kf6 56. h4 g6 57. Rb5 c4 58. Ra5 c3 59. bxc3 Rc4+ 1/2-1/2

[Event "Havana Province zt"]
[Site "Havana"]
[Date "2010.02.22"]
[Round "3"]
[White "Vilahu Perez, Vilmelys"]
[Black "Palao Valdes, Alejandro"]
[Result "0-1"]
[WhiteElo "1919"]
[BlackElo "2004"]
[PlyCount "92"]
[EventDate "2010.02.20"]
[EventType "swiss"]
[EventRounds "9"]
[EventCountry "CUB"]
[SourceTitle "EXT 2011"]
[Source "ChessBase"]
[SourceDate "2010.11.26"]
[SourceVersion "1"]
[SourceVersionDate "2010.11.26"]
[SourceQuality "1"]

1. e4 e5 2. Nf3 Nc6 3. Nc3 Be7 4. d4 d6 5. Be2 Nf6 6. 0-0 0-0 7. Be3 Bg4 8. Re1 Re8 9. d5 Nb8 10. Qd3 Nbd7 11. h3 Bxf3 12. Bxf3 Nf8 13. Ne2 Ng6 14. Ng3 Nd7 15. Nf5 Bg5 16. Qd2 Bxe3 17. Qxe3 Nf4 18. Bg4 g6 19. Nh6+ Kg7 20. g3 Kxh6 21. gxf4 exf4 22. Qxf4+ Kg7 23. Bxd7 Qxd7 24. Qg4 Qb5 25. b3 Re7 26. c4 Qc5 27. Re2 a5 28. Qg5 Rae8 29. Rae1 Qd4 30. Qf4 f5 31. Rd2 Qe5 32. Qe3 fxe4 33. Rde2 b6 34. Qd2 Qf6 35. Qc2 Qf4 36. Qc3+ Kf7 37. Re3 Re5 38. Rg3 Rg5 39. Ree3 Ree5 40. Kf1 Ref5 41. Qe1 Rxg3 42. Rxe4 Qg5 43. Ke2 Re5 44. Kd1 Rg1 45. Rxe5 dxe5 46. Qxg1 Qxg1+ 0-1

[Event "Havana City-ch"]
[Site "Havana"]
[Date "2009.12.20"]
[Round "8"]
[White "Palao Valdes, Alejandro"]
[Black "Cierna Rodriguez, Alain"]
[Result "0-1"]
[WhiteElo "2003"]
[BlackElo "2079"]
[PlyCount "87"]
[EventDate "2009.12.13"]
[EventType "swiss"]
[EventRounds "9"]
[EventCountry "CUB"]
[SourceTitle "CBM 134 Extra"]
[Source "ChessBase"]
[SourceDate "2010.03.03"]
[SourceVersion "1"]
[SourceVersionDate "2010.03.03"]
[SourceQuality "1"]

1. d4 Nf6 2. c4 e6 3. Nc3 Bb4 4. Bg5 c5 5. a3 Bxc3+ 6. bxc3 Qa5 7. Qd3 cxd4 8. Bxf6 gxf6 9. Qxd4 Ke7 10. Nf3 Nc6 11. Qd2 Rd8 12. e4 Rg8 13. g3 b6 14. Bg2 Ba6 15. 0-0 Rad8 16. Rfd1 Qc5 17. Qf4 Bxc4 18. Re1 Ne5 19. Rad1 Nxf3+ 20. Bxf3 Rg5 21. e5 Rf5 22. exf6+ Rxf6 23. Qh4 Bb3 24. Rd3 h6 25. Rde3 d6 26. Bg2 a5 27. a4 Rc8 28. Rb1 Bc4 29. Rf3 Qg5 30. Qxg5 hxg5 31. Rxf6 Kxf6 32. Rxb6 d5 33. f3 Bd3 34. Rb3 Rc5 35. Ra3 Bc2 36. Ra2 Rxc3 37. Kf2 Bb3 38. Ra3 Ke5 39. h4 gxh4 40. gxh4 Kf4 41. Bf1 Rc2+ 42. Be2 Bc4 43. Re3 Ra2 44. h5 0-1

[Event "Havana City-ch"]
[Site "Havana"]
[Date "2009.12.19"]
[Round "7"]
[White "Lopez Gonzalez, Abel Fabian"]
[Black "Palao Valdes, Alejandro"]
[Result "0-1"]
[WhiteElo "1978"]
[BlackElo "2003"]
[PlyCount "97"]
[EventDate "2009.12.13"]
[EventType "swiss"]
[EventRounds "9"]
[EventCountry "CUB"]
[SourceTitle "CBM 134 Extra"]
[Source "ChessBase"]
[SourceDate "2010.03.03"]
[SourceVersion "1"]
[SourceVersionDate "2010.03.03"]
[SourceQuality "1"]

1. e4 e5 2. Nf3 Nc6 3. Bc4 Be7 4. d4 d6 5. dxe5 Nxe5 6. Nxe5 dxe5 7. Qxd8+ Bxd8 8. 0-0 Nf6 9. Nc3 c6 10. a3 0-0 11. Be3 Bg4 12. Bc5 Re8 13. f3 Be6 14. Bxe6 Rxe6 15. Rad1 Be7 16. Bxe7 Rxe7 17. Rd2 Kf8 18. Rfd1 Ke8 19. Na4 Rd7 20. Nc5 Rxd2 21. Rxd2 b6 22. Nd3 Rd8 23. Kf2 Rd6 24. Ke3 Nd7 25. g3 c5 26. f4 exf4+ 27. gxf4 Rh6 28. Ne1 Rh3+ 29. Nf3 Ke7 30. Rg2 g6 31. Rg3 Rxg3 32. hxg3 h6 33. e5 Ke6 34. Ke4 f5+ 35. Ke3 b5 36. Nd2 Nb6 37. b3 Nd5+ 38. Kd3 Nc7 39. c4 a6 40. b4 bxc4+ 41. Kxc4 cxb4 42. axb4 Nd5 43. Kc5 g5 44. Nf3 gxf4 45. gxf4 Nxf4 46. Kb6 Nd3 47. Ka5 f4 48. b5 axb5 49. Kxb5 0-1

[Event "Havana del Este"]
[Site "Havana"]
[Date "2009.09.25"]
[Round "18"]
[White "Fuentes Garcia, Diosbel Enrique"]
[Black "Palao Valdes, Alejandro"]
[Result "1-0"]
[WhiteElo "2104"]
[BlackElo "2013"]
[PlyCount "163"]
[EventDate "2009.09.08"]
[EventType "tourn"]
[EventRounds "22"]
[EventCountry "CUB"]
[SourceTitle "EXT 2011"]
[Source "ChessBase"]
[SourceDate "2010.11.26"]
[SourceVersion "1"]
[SourceVersionDate "2010.11.26"]
[SourceQuality "1"]

1. d4 Nf6 2. c4 e6 3. Nc3 Bb4 4. e3 0-0 5. Nge2 d5 6. a3 Be7 7. cxd5 exd5 8. g3 Bg4 9. Bg2 c6 10. h3 Bf5 11. g4 Be4 12. f3 Bg6 13. Ng3 Bd6 14. f4 Re8 15. 0-0 Nbd7 16. g5 Ne4 17. Ncxe4 Bxe4 18. Bxe4 dxe4 19. Qg4 c5 20. Rd1 Qc7 21. Nf5 Bf8 22. Bd2 g6 23. Ng3 cxd4 24. Rac1 Qb6 25. Qxd7 dxe3 26. Bc3 e2+ 27. Rd4 Red8 28. Qa4 Bc5 29. Nxe2 Rac8 30. Rcd1 Qe6 31. Kg2 Bxd4 32. Rxd4 a6 33. Qd1 Re8 34. Rd6 Qc4 35. Rd4 Qc6 36. Rd6 Qc4 37. Kf1 Re6 38. Rxe6 Qxe6 39. Qd4 Qxh3+ 40. Ke1 Kf8 41. Qh8+ Ke7 42. Bb4+ Kd7 43. Qd4+ Ke8 44. Qxe4+ Qe6 45. Qxe6+ fxe6 46. Bc3 Kd7 47. Kf2 Kc6 48. Ke3 Kd5 49. Ng3 Rc4 50. Kf3 b6 51. Nf1 Rc7 52. Ne3+ Kc6 53. Ke4 Kd7 54. Ng4 Rc4+ 55. Bd4 Ke7 56. Nf6 Rc1 57. Nxh7 Re1+ 58. Kd3 b5 59. Nf6 Rd1+ 60. Ke3 Re1+ 61. Kd2 Rf1 62. Be5 Rf3 63. Ke2 Rb3 64. Ne4 a5 65. Nc5 Rh3 66. Nb7 b4 67. a4 Rh1 68. Nxa5 Ra1 69. b3 Rc1 70. Nc4 Kd7 71. a5 Kc6 72. a6 Rc2+ 73. Kd3 Ra2 74. Nb2 Rxa6 75. Kc4 Ra8 76. Nd3 Rd8 77. Nxb4+ Kb6 78. Bd4+ Kb7 79. Nd3 Rc8+ 80. Nc5+ Kc6 81. b4 Rb8 82. Nxe6 1-0

[Event "Havana del Este"]
[Site "Havana"]
[Date "2009.09.14"]
[Round "7"]
[White "Palao Valdes, Alejandro"]
[Black "Fuentes Garcia, Diosbel Enrique"]
[Result "1/2-1/2"]
[WhiteElo "2013"]
[BlackElo "2104"]
[PlyCount "41"]
[EventDate "2009.09.08"]
[EventType "tourn"]
[EventRounds "22"]
[EventCountry "CUB"]
[SourceTitle "EXT 2011"]
[Source "ChessBase"]
[SourceDate "2010.11.26"]
[SourceVersion "1"]
[SourceVersionDate "2010.11.26"]
[SourceQuality "1"]

1. d4 d5 2. c4 c6 3. Nc3 Nf6 4. Nf3 a6 5. cxd5 cxd5 6. Bg5 e6 7. e3 Bd6 8. Bd3 Nbd7 9. 0-0 h6 10. Bf4 Bxf4 11. exf4 b5 12. f5 exf5 13. Bxf5 0-0 14. Qd3 Nb6 15. Ne5 Nc4 16. b3 Nd6 17. Bxc8 Rxc8 18. Rac1 Qb6 19. Ne2 Nde4 20. Nf4 Ng5 21. h4 1/2-1/2